Metodologie makroekonomických projekcí a její aplikace na podmínky ekonomického růstu ČSSR

Gespeichert in:
Bibliographische Detailangaben
1. Verfasser: Souček, Miroslav
Format: Buch
Sprache:Tschechisch
Veröffentlicht: Praha Academia 1970
Tags: Tag hinzufügen
Keine Tags, Fügen Sie das erste Tag hinzu!

MARC

LEADER 00000nam a2200000 4500
001 c122062
005 20221207065852.1
041 0 |a cze 
044 |a CZ 
245 1 0 |a Metodologie makroekonomických projekcí a její aplikace na podmínky ekonomického růstu ČSSR  |c Miroslav Souček a kol. 
264 1 |a Praha  |b Academia  |c 1970 
300 |a 415 s. 
100 1 |a Souček, Miroslav